Hailee Steinfield's Songs - Statistics

General Stats
  • This quiz has been taken 59 times
    17 since last reset
  • The average score is 12 of 18
Answer Stats
Hint Answer % Correct
Single Coast
92%
HAIZ Love Myself
92%
HAIZ (feat. DNCE) Rock Bottom
83%
HAIZ Rock Bottom
83%
Single Starving
83%
Single Sunkissing
83%
Single Let Me Go
75%
HWS Man Up
67%
Single Most Girls
67%
HWS Wrong Direction
67%
HWS (L.O.V.E) End This
58%
HAIZ Hell Nos And Headphones
58%
HWS I Love You's
58%
Single Back to Life
50%
Single Afterlife
42%
HAIZ You're Such A
42%
HWS Your Name Hurts
42%
Single Masterpiece
25%
No matching quizzes found
Score Distribution
Percent of People with Each Score
Percentile by Number Answered
Your Score History
You have not taken this quiz since the last reset